|
|
|
|
| LEADER |
01094nam a2200265 a 4500 |
| 001 |
12327566 |
| 008 |
091105s2000 bg a b 100 0 eng d |
| 010 |
|
|
|a \\\00411116
|
| 020 |
|
|
|a 9843109465
|
| 040 |
|
|
|a DLC
|c DLC
|d DLC
|
| 082 |
0 |
0 |
|a 307.1/412/095492
|2 21
|
| 245 |
0 |
0 |
|a Changing rural economy of Bangladesh /
|c editor, M.A. Sattar Mandal.
|
| 260 |
|
|
|a Dhaka :
|b Bangladesh Economic Association,
|c 2000.
|
| 300 |
|
|
|a viii, 172 p. :
|b ill. ;
|c 25 cm.
|
| 520 |
|
|
|a Contributed articles presented at a regional seminar in 1997.
|
| 504 |
|
|
|a Includes bibliographical references.
|
| 541 |
1 |
|
|e 00015110
|
| 650 |
|
0 |
|a Rural development
|z Bangladesh.
|
| 651 |
|
0 |
|a Bangladesh
|x Economic conditions.
|
| 651 |
|
0 |
|a Bangladesh
|x Social conditions.
|
| 700 |
1 |
|
|a Mandal, M. A. S.
|
| 710 |
2 |
|
|a Bangladesh Economic Association.
|
| 852 |
4 |
|
|a Ayesha Abed Library
|j General shelf
|
| 999 |
|
|
|c 5161
|d 5161
|
| 952 |
|
|
|0 0
|1 0
|2 ddc
|4 0
|6 307_141209549200000_CHA_2000
|7 0
|9 5014
|a BRACUL
|b BRACUL
|c GEN
|d 2009-11-07
|g 0.00
|l 0
|o 307.1412095492 CHA
|p 3010015110
|r 2009-11-07
|t 1
|w 2009-11-07
|y BK
|x No price found in the accession register.
|